00934nam a2200241 i 450000100060000000300090000600500170001500700030003200800410003508000290007608000320010510000310013724500990016826000970026730000300036449000320039450200390042665000270046565000570049271000890054983000320063885200220067010077ES-MaACL20231106172544.0t|950206s1993 sp a |||| | spa d a324(46)"1975/..."(043.2) a316.77(46)"1975/..."(043.2)1 aCruz Bermejo, Angel de la.10aComunicación política y elecciones en España b: 1975-91 / cÁngel de la Cruz Bermejo. aMadrid : bUniversidad Complutense, Facultad de Ciencias Políticas y Sociología, c1993. a801 p. : bil. ; c22 cm.1 aTesis doctorales ; v124/93 aTesis-Univ. Complutense de Madrid.14aElecciones-zEspaña. 4aElecciones-xEn los medios de comunicación social.2 aUniversidad Complutense de Madrid. bFacultad de Ciencias Políticas y Sociología1 aTesis doctorales ; v124/93 aES-MaACLjL-17416